Managing your business with QuickBooks 6

Αποθηκεύτηκε σε:
Λεπτομέρειες βιβλιογραφικής εγγραφής
Κύριος συγγραφέας: Rubin, Charles 1953-
Άλλοι συγγραφείς: Parssinen, Diane
Μορφή: Βιβλίο
Γλώσσα:English
Δημοσίευση: Berkeley, CA : Peachpit press, c1998
Θέματα:
Ετικέτες: Προσθήκη ετικέτας
Δεν υπάρχουν, Καταχωρήστε ετικέτα πρώτοι!

MARC

LEADER 00000nam a2200000 i 4500
001 1/3246
008 000518s1998 eng d
020 |a 0201353563 
035 |l 10060729 
040 |a GR-MY-UA  |b gre  |e aacr 
041 0 |a eng 
082 0 |a 657.9042 
100 1 |a Rubin, Charles  |d 1953- 
245 1 0 |a Managing your business with QuickBooks 6 /  |c Charles Rubin, Diane Parssinen 
260 |a Berkeley, CA :   |b Peachpit press,   |c c1998 
300 |a xii, 300 p.;  |b ill.;  |c 23 cm. 
500 |a Organize and run your business Step-by-Step using QuickBooks 
504 |a Includes index 
630 0 0 |a QuickBooks. 
650 0 0 |a Small business  |x Accounting  |x Computer programs. 
650 0 0 |a Small business  |x Finance  |x Computer programs. 
700 1 |a Parssinen, Diane. 
852 |a INST  |b SAMOS  |e 20000518  |h 657.9042 RUB  |p 005300015305  |q 005300015305  |t BK  |y 0 
901 |a BIBL3-2000-2 
909 |a Σ  |b 075171 
922 |a 3ΕΛΗ  |b 200003  |c ΤΠΕΣ/ΤΑΚΤ  |d ΠΑΠΑΣΩΤΗΡΙΟΥ 
970 |a ΓΕΝΟΥΖΟΥ  |b ΧΡΥΣΑΝΘΗ  |z 2000/05/18